00195 a2200085 4500245004600000100001800046650001500064005001700079084001300096 aThe nigger of the Narcissus TyphoonhText aJoseph Conrad aliterature20191017173413.0 aPR685ON5